| 000 | 00933cam a2200229 4500 | ||
|---|---|---|---|
| 001 | WB3906-11 | ||
| 008 | 030211n2003 000 0 eng u | ||
| 035 | _a(Sirsi) u121322 | ||
| 245 | _aCongestion charging may hit house prices | ||
| 260 | _c2003 | ||
| 490 |
_aRICS Press Release _v(pr011) 12 February 2003 (2) |
||
| 520 | _aHalf of all property experts polled believe that homeowners within the areas just outside London's congestion charging zone may see their homes dropping in value, according to an RICS survey on the impact of congestion charging on the residential property market. http://www.rics.org/ricscms/bin/show?class=PressRelease&template=/includes/showpr.html&id=862&faculty=RICS | ||
| 590 | _aWB | ||
| 650 | _aCONGESTION CHARGING | ||
| 650 | _aHOMEOWNERS | ||
| 650 | _aLONDON | ||
| 650 | _aHOUSE PRICES | ||
| 650 | _aRICS | ||
| 650 | _aRESIDENTIAL PROPERTY MARKET | ||
| 690 | _aHOUSING | ||
| 942 | _n0 | ||
| 999 |
_c72094 _d72094 |
||